000 004320000a22001810004500
003 MACL
005 20150825130242.0
008 150825b xxu||||| |||| 00| 0 eng d
040 _cMACL
041 _aEnglish
082 _a720/SHA
100 _aSharma, Sangeet
_97288
245 _aArchitecture Life and Me
260 _bRupa & Co
_c2008
_aNew Delhi
350 _b195
650 _aArchitecture
_9259
942 _cBK
_k720/SHA
_2ddc
999 _c41376
_d41376